00338 a2200121 4500001000700000020000600007040001100013100002600024240007500050245007000125362000900195440001200204169387 a  cMagnum aKramer, Sonia (Orgs.)10aHistorias de professores: leitura, escrita e pesquisa em educacaolpor10aHistorias de professores: leitura, escrita e pesquisa em educacao0 a1899 1aÁtica